| 000 | 01407nam a22003377a 4500 | ||
|---|---|---|---|
| 003 | CHAP | ||
| 005 | 20220329143436.0 | ||
| 008 | 090902s2008 mx a r 00010 spa d | ||
| 010 | _a96677 | ||
| 011 | _a97649 | ||
| 035 | _a108319 | ||
| 040 | _cCHAP | ||
| 082 | 0 | 4 |
_a663.90284 _bT68 |
| 245 | 0 | 0 |
_aTransformación industrial : _btorrefacción _c/por Instituto Nacional para el Desarrollo de Capacidades del Sector Rural,Secretaría de Agricultura, Ganadería, Desarrollo Rural, Pesca y Alimentación |
| 260 |
_aMéxico, D.F. : _bINCA Rutral, _c20008 |
||
| 300 |
_a62 p. : _bcuadros, gráf.,ilus. |
||
| 490 | 0 |
_aSerie cafeticultura. _pManual del técnico cafetalero _v; 7 |
|
| 590 |
_aBATCH-UPD _b10 _c20130110 _lUCH01 _h0919 |
||
| 590 |
_aBATCH-UPD _b10 _c20130410 _lUCH01 _h0542 |
||
| 590 |
_aBATCH-UPD _b10 _c20130914 _lUCH01 _h0809 |
||
| 590 |
_aCONVERSION _b10 _c20130109 _lUCH01 _h1353 |
||
| 650 | 1 | 4 |
_aCafé _xIndustria. _917157 |
| 650 | 1 | 4 |
_aCafé _xProcesado. _917188 |
| 710 | 0 |
_aMéxico. Secretaría de Agricultura, Ganadería, Desarrollo Rural, Pesca y Alimentación. _977148 |
|
| 710 | 2 | 0 |
_aInstituto Nacional para el Desarrollo de Capacidades del Sector Rural. México. _959403 |
| 830 | 0 |
_aSerie cafeticultura. _pManual del técnico cafetalero _v; 7 _9104639 |
|
| 901 | _aBK | ||
| 911 | _aen proceso | ||
| 942 | _cLIBRO | ||
| 949 |
_a663.90284 T68 _bBC _cLIBRO _d33724002136108 _eLIBRO _h111165 _i108319 _si |
||
| 999 |
_c96677 _d96677 |
||